Το λάθος : μυθιστόρημα

Αποθηκεύτηκε σε:
Λεπτομέρειες βιβλιογραφικής εγγραφής
Κύριος συγγραφέας: Σαμαράκης, Αντώνης Ευρ., 1919-2003
Μορφή: Βιβλίο
Γλώσσα:Greek
Δημοσίευση: Αθήνα : Καστανιώτης, 2001
Έκδοση:59η έκδ.
Θέματα:
Ετικέτες: Προσθήκη ετικέτας
Δεν υπάρχουν, Καταχωρήστε ετικέτα πρώτοι!

MARC

LEADER 00000cam a2200000 i 4500
001 1/48992
008 040218s2001 gre d
020 |a 960-03-1669-4 
035 |l 10072341 
040 |a GR-MY-UA  |b gre  |e aacr 
041 0 |a gre 
082 0 |a 889.334 
100 1 |a Σαμαράκης, Αντώνης Ευρ.,   |d 1919-2003. 
245 1 3 |a Το λάθος :  |b μυθιστόρημα /  |c Αντώνης Σαμαράκης 
250 |a 59η έκδ. 
260 |a Αθήνα :   |b Καστανιώτης,   |c 2001 
300 |a 231 σ. 
650 0 0 |a Greek fiction, Modern  |y 20th century. 
852 |a INST  |b RHODES  |e 20040218  |h 889.334 ΣΑΜ  |p 005400019683  |q 005400019683  |t BK  |y 0 
901 |a BIBL4-2004-1 
909 |a Ρ  |b 105155 
970 |a Κουλακιότη  |b Λίτσα  |z 2004/02/18